| 000 | 00581nam a2200181Ia 4500 | ||
|---|---|---|---|
| 003 | GCL | ||
| 008 | 140319s9999 xx 000 0 ara d | ||
| 040 |
_aGCL / _cGCL |
||
| 082 | 0 | 4 |
_a239 _bم ه |
| 100 | 1 | _aمحمد شيخانى | |
| 245 | 1 | 0 |
_aهل محمد عبقرى مصلح ام نبى مرسل / _cمحمد شيخانى |
| 300 | _a264 ص | ||
| 490 |
_aالهيئة العامة للاستعلامات _v0 |
||
| 650 | 0 | 4 | _aالاسلام |
| 650 | 0 | 4 | _aالسيرة النبوية |
| 650 | 0 | 4 | _aمحمد رسول الله صلى الله عليه وسلم |
| 942 |
_2ddc _cBK |
||
| 999 |
_c49149 _d49149 |
||